Palabras de Vida: 59 textos bíblicos para los funerales

-д хадгалсан:
Номзүйн дэлгэрэнгүй
Үндсэн зохиолчид: Brossier, Francois (Зохиогч), Clincke, Michel (Зохиогч), Dubled, André (Зохиогч), Gruson, Philippe (Зохиогч), Kuntzmann, Raymond (Зохиогч), Wiéner, Claude (Зохиогч)
Формат: Ном
Хэл сонгох:испани
Хэвлэсэн: Pamplona Verbo Divino 2004
Цуврал:Cuadernos Bíblicos, 120
Нөхцлүүд:
Шошгууд: Шошго нэмэх
Шошго байхгүй, Энэхүү баримтыг шошголох эхний хүн болох!

MARC

LEADER 00000nam a2200000 a 4500
001 UCH8831
003 CL-VaPUC
008 091211e20040000SP |||||||||||||||||spa|d
020 |a 8481696323 
082 0 4 |a 264.4  |b BRO  |2 21 
100 0 |a Brossier, Francois  |e author  |9 545550 
700 0 |a Clincke, Michel  |e author  |9 545551 
700 0 |a Dubled, André  |e author  |9 545552 
700 |a Gruson, Philippe  |e author  |9 562961 
700 0 |a Kuntzmann, Raymond  |e author  |9 545554 
700 0 |a Wiéner, Claude  |e author  |9 545555 
245 1 0 |a Palabras de Vida: 59 textos bíblicos para los funerales 
300 |a 66 p 
942 |c BK 
945 |d 20091211 00:00:00  |a dcastane 
260 |a Pamplona  |b Verbo Divino  |c 2004 
650 0 |a Lecturas responsoriales   |9 545556 
650 0 |a Evangelios  |9 314864 
650 0 |a Funerales   |9 506533 
583 |a last modification  |c 20130402 10:11:44  |k Rodrigo Vera 
490 0 |a Cuadernos Bíblicos, 120 
999 |c 338938  |d 338936 
952 |0 0  |1 0  |4 0  |6 264_400000000000000_BRO_2004  |7 0  |8 A  |9 432243  |a BIBTEO  |b BIBTEO  |d 2019-11-22  |i 4623282  |o 264.4 BRO 2004  |p 4623282  |r 2025-01-17  |w 2019-11-22  |y BK  |k ICR